LEADER 00810nam0 2200253 450 001 000016582 005 20080925184144.0 100 $a20080925d1958----km-y0itay50------ba 101 0 $aita 102 $aIT 105 $ay-------001yy 200 1 $aProblemi fiscali del Mercato comune$fCesare Cosciani 210 $aMilano$cGiuffrè$d1958 215 $aVII, 136 p.$d24 cm 610 1 $aComunità economica europea$aPolitica fiscale 610 1 $aFinanza statale$aMercato comune europeo 610 1 $aTributi$aMercato comune europeo 676 $a382$v15$9Commercio internazionale 700 1$aCosciani,$bCesare$0437433 801 0$aIT$bUNIPARTHENOPE$c20080925$gRICA$2UNIMARC 912 $a000016582 951 $a323/37$b4294$cNAVA2 996 $aProblemi fiscali del Mercato Comune$91036647 997 $aUNIPARTHENOPE